000 00636nam a2200229Ia 4500
003 OSt
005 20221007072403.0
006 a|||||r|||| 00| 0
007 ta
008 221006b |||||||| |||| 00| 0 eng d
024 _a27,649
037 _cReports / Technical Reports
040 _aFLL
_cFLL
_beng
041 _2eng
_aeng
082 _aZ720y3, K9
100 _aLaskin Bora
_9685310
245 0 _aBritish traditions in Canadian law
260 _aLondon
_bStevens & Sons UK
_c1969
300 _axv,138p
_ccm.
942 _hZ720y3, K9
_cREP
_2CC
999 _c1145931
_d1145931